00750nam a22001937a 4500003000400000020001900004082001300023100002300036245001500059250001000074260003100084300000800115650001700123653009500140942001600235952014500251952014500396999001500541SGT a 9788131727201 a658, ROB a ROBBINS P.STEPHEN aMANAGEMENT a10TH  aNEW DELHI bPEARSON c2010 a545 aMANAGEMENT  a MANAGEMENT | Defining the Manager’s Terrain, Planning, Organizing, Leading, Controlling 2ddccFCM04 00102ddc4070aSSSLbSSSLcTXTd2016-06-16eIBH g650.00iSGTUl11o658, ROBpCM24r2024-12-16 00:00:00s2024-12-02w2013-08-22yFCMk8777 00102ddc4070aSSSLbSSSLcTXTd2016-06-16eIBH g650.00iSGTUl13o658, ROBpCM25r2022-10-07 00:00:00s2022-10-06w2013-08-22yFCMk8777 c9076d9076